Common Themed Answers V Quiz Stats

 Plays Quiz Updated Aug 23, 2015

Challenge
Share
Tweet
Embed
Score 0/32 Timer 07:00
3 Plays Today
Clue Answer % Correct
Use a keyboard to do thisType
96.2%
What the early bird getsWorm
89.9%
Some people add these lumps to teaSugar
89.6%
DonateGive
88.2%
Wet dirtMud
86.2%
It has been said it's a girl's best friendDiamond
85.7%
30 minutes in an NFL gameHalf
85.6%
FrigidCold
85.1%
Prison sentence for someone who's never getting outLife
84.8%
Side of a riverBank
83.8%
Owen and Luke or Remus and RomulusBrothers
83.6%
Type of flush, in cardsRoyal
82.6%
Color of Paul Bunyan's oxBlue
82.5%
Play the chauffeurDrive
80.1%
ParchedThirsty
79%
Go down in defeatLose
78.9%
Clue Answer % Correct
Anyone on your family treeRelative
78.8%
Good place to store toolsShed
78.3%
¥ and € and £ all signify thisMoney
77.9%
Parachutists pull it Cord
76.2%
Hunting dogHound
73.9%
Protestant color in Northern IrelandOrange
69.3%
Lever, pulley and wedge are examples of these types of machinesSimple
68.3%
LollipopSucker
67.6%
Word that precedes the answers in the first column and succeeds the answers in the second columnBlood
66.1%
50/50 test choiceTrue
58.3%
Pounds per square inch is a unit of thisPressure
57.9%
UnadulteratedPure
53.7%
Right of ____ refusalFirst
53.1%
Michael Jackson music video shot in a parking garageBad
51.5%
Like an owlWise
44.4%
What the 'V' of MV stands for on a boatVessel
25.8%

You're not logged in!

Compare scores with friends on all Sporcle quizzes.
OR
Log In

You Might Also Like...

Show Comments

Extras

Top Quizzes Today


Score Distribution

Your Account Isn't Verified!

In order to create a playlist on Sporcle, you need to verify the email address you used during registration. Go to your Sporcle Settings to finish the process.

Report this User

Report this user for behavior that violates our Community Guidelines.

Details: